Random Cities by Picture - Statistics

General Stats
  • This quiz has been taken 31 times
  • The average score is 5 of 10
Answer Stats
Picture Answer % Correct
Delhi
100%
Dubai
100%
Tokyo
100%
New York
67%
Hong Kong
50%
London
50%
Mumbai
33%
Paris
33%
Singapore
33%
Antalya
0%
Bangkok
0%
Istanbul
0%
Kuala Lumpur
0%
Macau
0%
Mecca
0%
Pattaya
0%
Phuket
0%
Rome
0%
Shenzhen
0%
Taipei
0%
No matching quizzes found
Score Distribution
Percent of People with Each Score
Percentile by Number Answered
Your Score History
You have not taken this quiz